00370pab a2200121 454500008004000000100002200040245007800062260000900140300001400149362001100163650002800174773004600202180718b2005 xxu||||| |||| 00| 0 eng d aBrooks, Arthur C. aWhat do nonprofit organizations seek? (and why should policymakers care?) c2005 ap.543-58. aSpring aNonprofit organizations aJournal of Policy Analysis and Management